00492 2200205 4500001002100000005001500021035002000036008004100056245003600097100002000133250000600153260003400159300001100193020002300204084001300227082000800240650001400248990001200262990001200274INLIS00000000000014120240502105852 a0010-0424000117240502 g | ind 1 aPewaris Sifat /cArinto Nugroho aNugroho, Arinto a1 aSolo :bTiga Serangkai,c2011 a60 hlm a9778-979-084-404-9 a600 RI p a600 4aNon Fiksi a0732515 a0732516